000 00985nam a2200265Ia 4500
003 GCL
005 20240530104502.0
008 140319s9999 xx 000 0 ara d
020 _a9775487536
040 _aGCL /
_cGCL
082 0 4 _a953.073
_bق/م م
100 1 _aمحمود محمد الحويرى
245 1 0 _aمصر فى العصور الوسطى :
_b دراسة فى الاوضاع السياسية والحضارية /
_cمحمود محمد الحويرى
250 _aط 1
260 _aالقاهرة :
_bعين للدراسات والبحوث الانسانية والاجتماعية ،
_c1996
300 _a328 ص ؛
_c24 سم
650 0 4 _aدولة المماليك
650 0 4 _aالدولة الاخشيدية
650 0 4 _aالدولة الايوبية
650 0 4 _aالدولة الطولونية
650 0 4 _aالمسيحية - مصر
650 0 4 _aالدولة الفاطمية - مصر
650 0 4 _aالفتح العربى
942 _2ddc
_cBK
999 _c48046
_d48046